000 00354nam a2200145Ia 4500
008 150201s2005 xx 000 0 und d
082 _a610
_bP2005M
100 _aMEHTA,P.J.
245 _aPRACTICAL MEDICINE
250 _a17TH
260 _bTHE NATIONAL BOOK DEPOT
_aPAREL(MUMBAI)
_c2005
300 _a1-521
650 _aMEDICINE
942 _2ddc
_cBK
_0163
999 _c3496
_d3496